Kónya, Peter (ed.). Gróf Imrich Thököly a jeho povstanie. Thököly Imre gróf es Felkelése

Bibliographic Details
Main Author: Bizoňová, Monika, 1985- (Author)
Format: Article
Language:Slovak
Subjects:

MARC

LEADER 00000nab a2200000uu 4500
001 vtls010887687
003 SK-MaSNL
005 20260305022029.0
008 230121|2010 xo |||||||||||||||||slo|
015 |a SNBRB 
035 |a (urnnbn)urn:nbn:sk:snk:ar-003wmc 
035 |a (uuid)bc3001ae-a922-4167-bdcc-8ca0ed768efa 
035 |a urn:nbn:sk:snk-ab8ida 
040 |a SNKBUCL  |b slo  |c SNKBUCL  |e AACR2 
041 0 |a slo 
044 |a xo  |c SK 
080 |a 323.17(436+439)  |2 2001 
080 |a 930  |2 2011 
080 |a 94(430/439)  |2 2011 
080 |a (56+495/498)  |2 2011 
080 |a (0:82-95)  |2 2011 
100 1 |a Bizoňová, Monika,  |d 1985-  |4 aut  |9 169916 
245 1 0 |a Kónya, Peter (ed.). Gróf Imrich Thököly a jeho povstanie. Thököly Imre gróf es Felkelése  |c Monika Bizoňová 
500 |a Peter Konya je editorom recenzovanej publikácie 
600 1 7 |a Tököli, Imrich,  |c gróf,  |d 1657-1705  |2 SNKMA  |9 237401 
648 7 |a 17. storočie  |2 SNKPH  |9 276982 
650 0 7 |a protihabsburské povstania  |2 SNKPH  |9 70378 
650 0 7 |a Tököliho povstanie (1678-1686)  |2 SNKPH  |9 100048 
650 0 7 |a historiografia  |2 SNKPH  |9 3848 
651 7 |a Osmanská ríša  |2 SNKPH  |9 71407 
651 7 |a Uhorsko  |x dejiny  |2 snkbucl  |9 56334 
655 7 |a recenzie  |2 SNKPH  |9 21907 
655 7 |a zborník konferencií  |2 SNKPH  |9 310606 
773 0 |t Historický časopis  |g Roč. 58, č. 4 (2010), s. 759-760 
787 0 8 |i Rec.:  |a Kónya, Peter  |t Gróf Imrich Thököly a jeho povstanie=Thököly Imre gróf es Felkelése  |d Bratislava : Vydavateľstvo Slovenskej akadémie vied, 2009  |z 9788055500782 
954 |a odborná, vedecká literatúra pôvodná (slovenská)  |2 lita 
958 |a OND 
958 |a RC 
958 |a HU 
958 |a DC 
958 |a EUIPO 
958 |a article10 
999 |c 3288721  |d 3290651